LEADER 01400nam a2200289 i 4500 001 000000036634 003 CaOOAMICUS 005 20250129115219.0 008 091228s1990 it u000 u mul u 020 $a88-85876-12-9 040 $aSeMil$bita 100 1 $aBenvenuti Papi, Anna,$d<1977- >.$0(OLS)http://semarc/name/17297 245 10$a«In Castro Poenitentiae» :$bsantità e società femminile nell'Italia medievale /$cAnna Benvenuti Papi. 264 1$aRoma :$bHerder,$c1990. 300 $aXXXII, 713 p. ;$c25 cm. 490 1 $aItalia sacra : studi e documenti di storia ecclesiastica ;$v45 650 4$aDonna - Storia - Medioevo.$0(OLS)http://semarc/subject/40745 650 4$aSante - Storia - Medioevo.$0(OLS)http://semarc/subject/57036 650 4$aDonna - Posizione sociale - Medioevo.$0(OLS)http://semarc/subject/48256 830 0$aItalia sacra :$bstudi e documenti di storia ecclesiastica ;$v45.$0(OLS)http://semarc/title/159 850 $aSeMil 852 $aSeMil$W1$xVenegono$y1$m3TA I 45$j254161$B2789$CSeMilBibl$Z2$F2789 $81 961 $aAcquisto: Casa editrice 996 $6020$a88-85876-12-9$9(OLS)http://semarc/number/5358 996 $6245$a«In Castro Poenitentiae» :$bsantità e società femminile nell'Italia medievale$9(OLS)http://semarc/title/50830 996 $6264$aRoma :$bHerder$9(OLS)http://semarc/publisher/29637 LEADER 01226nam a2200217 i 4500 001 000000064551 003 CaOOAMICUS 005 20130410000000.0 008 130410s1967 xx u000 u ger u 013 $a35723 040 $aSeMil$bita 245 10$aKirche, Mystik, Heiligung und das Natürliche bei Luther :$bVorträge des Dritten Internationalen Kongresses für Lutherforschung, Järvenpää, Finnland 11.-16. August 1966 /$cherausgegeben von Ivar Asheim. 260 $aGöttingen :$bVandenhoeck & Ruprecht,$c1967. 300 $a211 p. ;$c25 cm. 600 14$aLutero, Martin <1483-1546>.$0(OLS)http://semarc/subject/3365 700 1 $aAsheim, Ivar.$0(OLS)http://semarc/name/31017 700 1 $aInternationalen Kongresses für Lutherforschung <3. ; 1966 ; Jär- venpää>.$0(OLS)http://semarc/name/32525 850 $aSeMil 852 $aSeMil$W1$xVenegono$y1$m2M IV 218$j30704$B30704$CSeMilBibl$Z2$F30707 $81 996 $6245$aKirche, Mystik, Heiligung und das Natürliche bei Luther :$bVorträge des Dritten Internationalen Kongresses für Lutherforschung, Järvenpää, Finnland 11.-16. August 1966$9(OLS)http://semarc/title/102235 996 $6260$aGöttingen :$bVandenhoeck & Ruprecht$9(OLS)http://semarc/publisher/29697